00593nam a2200181Ia 4500008004100000245004300041245005300084260001300137260002200150300004300172300003000215300001400245440001700259440001100276650001800287999001900305952008700324160319s9999 xx 000 0 und d a 16 best world's famous folk dances :  bHiyas Folkloric Group & The Maharlika Rondalla,  aManila : bAquarius Records. a1 VCD video (approximately 30 min.) :  bdigital, sound, color ;  c4 3/4 in. aDance steps. vvol. 6 aFolk dancing. c292773d292773 001040aSSISBbSSISBd2016-03-19l0pAV-376r2016-03-19 00:00:00w2016-03-19yAVM